<?xml version="1.0" encoding="UTF-8"?>
<record
    xmlns:xsi="http://www.w3.org/2001/XMLSchema-instance"
    xsi:schemaLocation="http://www.loc.gov/MARC21/slim http://www.loc.gov/standards/marcxml/schema/MARC21slim.xsd"
    xmlns="http://www.loc.gov/MARC21/slim">

  <leader>01779nam a2200229   4500</leader>
  <controlfield tag="003">OSt</controlfield>
  <controlfield tag="005">20230116132949.0</controlfield>
  <controlfield tag="008">230116b        |||||||| |||| 00| 0 eng d</controlfield>
  <datafield tag="020" ind1=" " ind2=" ">
    <subfield code="a">978 9930 9708 6 7</subfield>
  </datafield>
  <datafield tag="040" ind1=" " ind2=" ">
    <subfield code="c">Lado V</subfield>
  </datafield>
  <datafield tag="082" ind1=" " ind2=" ">
    <subfield code="a">724.6</subfield>
    <subfield code="b">M743a</subfield>
  </datafield>
  <datafield tag="100" ind1=" " ind2=" ">
    <subfield code="a">Monge Cortes, Paz</subfield>
    <subfield code="9">547</subfield>
    <subfield code="e">autor</subfield>
  </datafield>
  <datafield tag="245" ind1=" " ind2=" ">
    <subfield code="a">Acercamientos a lo tropical: Un breve recuerdo de la arquitectura contempor&#xE1;nea en Costa Rica/</subfield>
  </datafield>
  <datafield tag="260" ind1=" " ind2=" ">
    <subfield code="a">Costa Rica</subfield>
    <subfield code="b">Museo de Arte y Dise&#xF1;o Contempor&#xE1;neo</subfield>
    <subfield code="c">2021</subfield>
  </datafield>
  <datafield tag="300" ind1=" " ind2=" ">
    <subfield code="a">50p.</subfield>
    <subfield code="c">24x21cm</subfield>
  </datafield>
  <datafield tag="505" ind1=" " ind2=" ">
    <subfield code="t">Pr&#xF3;logo de la presente edici&#xF3;n </subfield>
    <subfield code="r">Manuel Reb&#xF3;n </subfield>
    <subfield code="t">I. Acercamientos. Un abordaje, mil pasajes </subfield>
    <subfield code="t">Imaginario</subfield>
    <subfield code="t">La barca abierta </subfield>
    <subfield code="t">La errancia, el exilio </subfield>
    <subfield code="t">Po&#xE9;ticas </subfield>
    <subfield code="t">Una errancia arraigada </subfield>
    <subfield code="t">II. Elementos. Lo elemental se recompone absolutamente </subfield>
    <subfield code="t">Repeticiones </subfield>
    <subfield code="t">La extensi&#xF3;n y la filiaci&#xF3;n </subfield>
    <subfield code="t">Lugar cerrado, palabra abierta </subfield>
    <subfield code="t">De un barroco mundializado </subfield>
    <subfield code="t">Acerca de la informaci&#xF3;n del poema </subfield>
    <subfield code="t">III. Caminos. En voz alta, para marcar la distancia </subfield>
    <subfield code="t">Creolizaciones </subfield>
    <subfield code="t">Dictar, prescribir</subfield>
    <subfield code="t">Construir una torre </subfield>
    <subfield code="t">Transparencia y opacidad </subfield>
    <subfield code="t">La playa negra </subfield>
    <subfield code="t">IV. Teor&#xED;as. La teor&#xED;a es ausencia, oscura y propicia </subfield>
    <subfield code="t">Relaci&#xF3;n</subfield>
    <subfield code="t">Lo relativo y el caos </subfield>
    <subfield code="t">Las distancias determinantes</subfield>
    <subfield code="t">Aquello que, aquello que </subfield>
    <subfield code="t">Religado (relevado), relatado </subfield>
    <subfield code="t">V. Po&#xE9;tica. El ante, m&#xFA;ltiple infinito en subsistencia </subfield>
    <subfield code="t">Generalizaci&#xF3;n</subfield>
    <subfield code="t">Aquello siendo lo que no es</subfield>
    <subfield code="t">Para la opacidad </subfield>
    <subfield code="t">C&#xED;rculo abierto, Relaci&#xF3;n vivida </subfield>
    <subfield code="t">La playa ardiente </subfield>
    <subfield code="t">Referencias</subfield>
  </datafield>
  <datafield tag="650" ind1=" " ind2=" ">
    <subfield code="2">Tesauro de Arte &amp; Arquitectura</subfield>
    <subfield code="a">ARQUITECTURA COSTARRICENSE</subfield>
  </datafield>
  <datafield tag="650" ind1=" " ind2=" ">
    <subfield code="2">Tesauro de Arte &amp; Arquitectura</subfield>
    <subfield code="a">TEORIA</subfield>
  </datafield>
  <datafield tag="650" ind1=" " ind2=" ">
    <subfield code="2">Tesauro de Arte &amp; Arquitectura</subfield>
    <subfield code="a">ARQUITECTURA TROPICAL</subfield>
  </datafield>
  <datafield tag="650" ind1=" " ind2=" ">
    <subfield code="2">Tesauro de Arte &amp; Arquitectura</subfield>
    <subfield code="a">ARQUITECTURA CONTEMPORANEO </subfield>
  </datafield>
  <datafield tag="942" ind1=" " ind2=" ">
    <subfield code="2">ddc</subfield>
    <subfield code="c">1</subfield>
    <subfield code="h">724.6</subfield>
    <subfield code="i">M743a</subfield>
  </datafield>
  <datafield tag="999" ind1=" " ind2=" ">
    <subfield code="c">2800</subfield>
    <subfield code="d">2800</subfield>
  </datafield>
  <datafield tag="952" ind1=" " ind2=" ">
    <subfield code="0">0</subfield>
    <subfield code="1">0</subfield>
    <subfield code="2">ddc</subfield>
    <subfield code="4">0</subfield>
    <subfield code="7">0</subfield>
    <subfield code="a">LV</subfield>
    <subfield code="b">LV</subfield>
    <subfield code="d">2023-01-16</subfield>
    <subfield code="i">005028</subfield>
    <subfield code="l">0</subfield>
    <subfield code="o">724.6 M743a</subfield>
    <subfield code="p">005028</subfield>
    <subfield code="r">2023-01-16 00:00:00</subfield>
    <subfield code="w">2023-01-16</subfield>
    <subfield code="y">1</subfield>
  </datafield>
  <datafield tag="952" ind1=" " ind2=" ">
    <subfield code="0">0</subfield>
    <subfield code="1">0</subfield>
    <subfield code="2">ddc</subfield>
    <subfield code="4">0</subfield>
    <subfield code="7">0</subfield>
    <subfield code="a">LV</subfield>
    <subfield code="b">LV</subfield>
    <subfield code="d">2023-01-16</subfield>
    <subfield code="i">005029</subfield>
    <subfield code="l">0</subfield>
    <subfield code="o">724.6 M743a</subfield>
    <subfield code="p">005029</subfield>
    <subfield code="r">2023-01-16 00:00:00</subfield>
    <subfield code="w">2023-01-16</subfield>
    <subfield code="y">1</subfield>
  </datafield>
</record>
